An atlas of tribal India : (Record no. 135334)

MARC details
000 -LEADER
fixed length control field 00867nam a22002417a 4500
005 - DATE AND TIME OF LATEST TRANSACTION
control field 20170124110243.0
010 ## - LIBRARY OF CONGRESS CONTROL NUMBER
LC control number A-688953
020 ## - INTERNATIONAL STANDARD BOOK NUMBER
Terms of availability 00.00
International Standard Book Number 8170222869
035 ## - SYSTEM CONTROL NUMBER
System control number A-688953
037 ## - SOURCE OF ACQUISITION
Source of stock number/acquisition Cen Lib/Ret
040 ## - CATALOGING SOURCE
Original cataloging agency DPL
Language of cataloging EN
082 ## - DEWEY DECIMAL CLASSIFICATION NUMBER
Classification number 307.7720954
Item number MOO
100 ## - MAIN ENTRY--PERSONAL NAME
Personal name Moonis Raza
9 (RLIN) 10348
245 ## - TITLE STATEMENT
Title An atlas of tribal India :
Remainder of title by Moonis Raza [and] Aijazuddin Ahmad
Statement of responsibility, etc with computed tables od district - level data and its geography interpretation /
260 ## - PUBLICATION, DISTRIBUTION, ETC. (IMPRINT)
Place of publication, distribution, etc New Delhi
Name of publisher, distributor, etc Concept Publishing Company
Date of publication, distribution, etc 1990
270 ## - ADDRESS
City New Delhi
Address A/15-16, Commercial Block, Mohan Garden
Postal code 110059
300 ## - PHYSICAL DESCRIPTION
Extent xxiii, 4726p. :
Dimensions 26cm(Hb)
Other physical details ill.
500 ## - GENERAL NOTE
General note includes index
650 ## - SUBJECT ADDED ENTRY--TOPICAL TERM
Topical term or geographic name as entry element Tribal India -- Atlas
9 (RLIN) 96291
650 ## - SUBJECT ADDED ENTRY--TOPICAL TERM
Topical term or geographic name as entry element Geography -- India
9 (RLIN) 78710
700 ## - ADDED ENTRY--PERSONAL NAME
Personal name Aijazuddin Ahmad
9 (RLIN) 96292
942 ## - ADDED ENTRY ELEMENTS (KOHA)
Source of classification or shelving scheme Dewey Decimal Classification
Koha item type English Books
Classification part 307.7720954
Call number suffix MOO
Holdings
Withdrawn status Lost status Damaged status Not for loan Collection code Home library Current library Date acquired Source of acquisition Cost, normal purchase price Total Checkouts Full call number Barcode Date last seen Copy number Cost, replacement price Price effective from Koha item type
      Not For Loan Reference Central Library Central Library 05/10/2015 Cen Lib/Ref 0.00   307.7720954 MOO A-688953 05/10/2015 1 0.00 05/10/2015 English Books

© Delhi Public Library
Hit Counter
free hit counter